romance of the Rose (Record no. 11428)
[ view plain ]
| 000 -LEADER | |
|---|---|
| fixed length control field | 00481 a2200145 4500 |
| 020 ## - INTERNATIONAL STANDARD BOOK NUMBER | |
| International Standard Book Number | 0691061971 |
| 005 - DATE AND TIME OF LATEST TRANSACTION | |
| control field | 20191017174307.0 |
| 084 ## - OTHER CLASSIFICATION NUMBER | |
| Classification number | PQ1528 .A43 |
| 245 ## - TITLE STATEMENT | |
| Title | romance of the Rose |
| Medium | |
| 260 ## - PUBLICATION, DISTRIBUTION, ETC. | |
| Place of publication, distribution, etc. | nju |
| Name of publisher, distributor, etc. | Princeton University Press |
| Date of publication, distribution, etc. | 1971 |
| 300 ## - PHYSICAL DESCRIPTION | |
| Extent | xv, 450 p. 64 illus. 25 cm. |
| Other physical details | xv, 450 p. 64 illus. 25 cm. |
| Dimensions | xv, 450 p. 64 illus. 25 cm. |
| 500 ## - GENERAL NOTE | |
| General note | by Guillaume de Lorris and Jean de Meun. Translated by Charles Dahlberg. |
| 700 ## - ADDED ENTRY--PERSONAL NAME | |
| Personal name | Guillaume |
| 700 ## - ADDED ENTRY--PERSONAL NAME | |
| Personal name | Jean |
| 700 ## - ADDED ENTRY--PERSONAL NAME | |
| Personal name | Dahlberg, Charles |
No items available.